000 00393nam a2200169Ia 4500
005 20250423101408.0
008 250422s9999 xx 000 0 und d
020 _a9789780695996
050 _aPR 9387.9 .I44/
100 _aIke, Vincent Chukwuemeka
245 4 _aThe potter's wheel
260 _aIbadan
260 _bUniversity Press
260 _c2011
300 _a265 p
942 _cBK
999 _c36182
_d36182